| 000 | 00748nam a2200265Ii 4500 | ||
|---|---|---|---|
| 999 |
_c1024 _d1024 |
||
| 001 | 6404508 | ||
| 003 | OSt | ||
| 005 | 20180903122841.0 | ||
| 008 | 830307s1980 mx b 000 0 eng d | ||
| 035 | _a0305-03960 | ||
| 040 |
_aIDI _cIDI _dm.c. _dOUN |
||
| 082 |
_a261.8 _bS425E |
||
| 090 |
_aHN31 _b.S3x |
||
| 100 | 1 | _aScott, Lindy | |
| 245 | 1 | 0 |
_aEconomic koinonia within the body of Christ / _cby Lindy Scott |
| 260 |
_aMexico City : _bEditorial Kyrios, _c1980 |
||
| 300 |
_a156 p. ; _c18 cm |
||
| 504 | _aBibliography: p. 149-156 | ||
| 650 | 0 | _aEconomics in the Bible | |
| 650 | 0 | _aChurch and social problems | |
| 650 | 0 | _aChristian life | |
| 650 | 0 | _aSimplicity | |
| 650 | 0 |
_aEconomics _xReligious aspects _xChristianity |
|
| 942 |
_2ddc _cBK |
||